|
|
|
|
| LEADER |
00000nam2a2200000 4500 |
| 001 |
361596 |
| 005 |
20231102011414.0 |
| 035 |
|
|
|a (RuTPU)RU\TPU\retro\18926
|
| 035 |
|
|
|a RU\TPU\retro\18924
|
| 090 |
|
|
|a 361596
|
| 100 |
|
|
|a 20210624d1956 k y0rusy50 ca
|
| 101 |
0 |
|
|a rus
|
| 102 |
|
|
|a RU
|
| 105 |
|
|
|a a z 001zy
|
| 200 |
0 |
|
|a Вып. 30: Структура и свойства сплавов
|f под ред. И. Е. Конторовича, В. А. Ливанова
|
| 210 |
|
|
|d 1956
|
| 215 |
|
|
|a 196 с.
|c ил.
|
| 320 |
|
|
|a Библиогр. в конце ст.
|
| 461 |
|
1 |
|0 (RuTPU)RU\TPU\retro\18841
|t Труды Московского авиационного технологического института
|o [сборник]
|f Московский авиационный технологический институт
|v Вып. 30: Структура и свойства сплавов
|d 1948-
|
| 606 |
1 |
|
|a Авиационные материалы
|2 stltpush
|3 (RuTPU)RU\TPU\subj\447
|9 29371
|
| 610 |
1 |
|
|a сплавы
|
| 610 |
1 |
|
|a свойства
|
| 610 |
1 |
|
|a прессэффект
|
| 610 |
1 |
|
|a режимы
|
| 610 |
1 |
|
|a литье
|
| 610 |
1 |
|
|a термическая обработка
|
| 610 |
1 |
|
|a скоростные режимы
|
| 610 |
1 |
|
|a хром
|
| 610 |
1 |
|
|a марганец
|
| 610 |
1 |
|
|a электронагрев
|
| 610 |
1 |
|
|a перлит
|
| 675 |
|
|
|a 629.73.002.3
|v 4
|
| 702 |
|
1 |
|a Конторович
|b И. Е.
|4 340
|
| 702 |
|
1 |
|a Ливанов
|b В. А.
|4 340
|
| 801 |
|
1 |
|a RU
|b 63413507
|c 20210615
|
| 801 |
|
2 |
|a RU
|b 63413507
|c 20210624
|g RCR
|
| 942 |
|
|
|c BK
|